00678nam a2200241 a 4500001001300000003000900013005001700022008004100039020001000080082001600090100002500106245003200131260003400163300000900197500003500206505001000241650001800251700002500269902000800294942000700302952011200309999001500421nice12345678IN_TiNIC20260116011646.0050524s1975 vara grp 000 0 urd  ac8.500a297.64bSID aSiddiqui, Salamullah aUsman Ghani Ka Nizam-E-Adal aVaransibAzad Book Depoc1975 a240p aincludes index and biblioraphy2 aIndex aUthman-Caliph1 aSiddiqui, Salamullah bSRS cBK 001040708StackRoom-aHMIbHMId2007-07-12g8.50l0o297.64 SIDp08750r2007-07-12v8.50w2005-05-24yBK c3210d3210